000 006320000a22002050004500
003 LK-CoMWRAF
005 20231222110835.0
008 230817t1994 ||||| |||| 00| 0 eng d
020 _a9559287001
040 _aLK-CoMWRAF
_dLK-CoMWRAF
_eLK-CoMWRAF
041 _aeng
082 _a920.054
_bWIM
100 _aWimalaratne, K.D.G.
245 _aPersonalities Sri Lanka:
_ba biographical study (15th-20th century), 1490-1990 A.D., A-Z
260 _aColombo:
_bCeylon Business Appliances,
_c1994
300 _a xxxix, 149 p. ; 30 cm.
650 _aSRI LANKA-Biography--Dictionaries
650 _a Sri Lanka--Biography.
942 _cBK
999 _c799
_d799